[Event "Chicago op 24th"]
[Site "Chicago"]
[Date "2015.05.22"]
[Round "2"]
[White "Azarov, Sergei Nikolaevich"]
[Black "Amanov, Mesgen"]
[Result "1-0"]
[WhiteElo "2619"]
[BlackElo "2445"]
[PlyCount "53"]
[EventDate "2015.05.21"]
[EventType "swiss"]
[EventRounds "9"]
[EventCountry "USA"]
[SourceTitle "CBM 166 Extra"]
[Source "ChessBase"]
[SourceDate "2015.06.18"]
[SourceVersion "1"]
[SourceVersionDate "2015.06.18"]
[SourceQuality "1"]

1. e4 c5 2. Nf3 d6 3. d4 cxd4 4. Nxd4 Nf6 5. Nc3 a6 6. Bg5 Nbd7 7. Bc4 Qb6 8. 0-0 Qc5 9. Bd5 e6 10. Re1 Be7 11. Be3 Qa5 12. Bxe6 fxe6 13. Nxe6 Kf7 14. Ng5+ Kg8 15. b4 Qe5 16. Qd3 h6 17. f4 Qxc3 18. Qxc3 hxg5 19. fxg5 Ng4 20. Qb3+ Kf8 21. Rf1+ Ke8 22. Qf7+ Kd8 23. Qxg7 Re8 24. Bd4 b5 25. Rad1 Kc7 26. Rf7 Bd8 27. Bb6+ 1-0

[Event "Chicago op 23rd"]
[Site "Wheeling"]
[Date "2014.05.25"]
[Round "7"]
[White "Amanov, Mesgen"]
[Black "Schmakel, Sam A"]
[Result "1/2-1/2"]
[WhiteElo "2463"]
[BlackElo "2306"]
[PlyCount "164"]
[EventDate "2014.05.22"]
[EventType "swiss"]
[EventRounds "9"]
[EventCountry "USA"]
[SourceTitle "CBM 160 Extra"]
[Source "ChessBase"]
[SourceDate "2014.07.01"]
[SourceVersion "1"]
[SourceVersionDate "2014.07.01"]
[SourceQuality "1"]

1. d4 f5 2. Nc3 Nf6 3. Bg5 d5 4. Bxf6 exf6 5. e3 Be6 6. Bd3 Nc6 7. Nge2 Bd6 8. Bb5 Qd7 9. Nf4 Bxf4 10. exf4 0-0 11. 0-0 a6 12. Bxc6 Qxc6 13. Qd3 Rae8 14. Rfe1 Qd7 15. b3 Bf7 16. Na4 Rxe1+ 17. Rxe1 Re8 18. Rxe8+ Qxe8 19. Kf1 Be6 20. Nc5 Bc8 21. Qe2 Qxe2+ 22. Kxe2 Kf7 23. Na4 Ke7 24. Nc3 Kd6 25. Nd1 b6 26. Ne3 Bd7 27. Kd3 Be6 28. Kc3 Bd7 29. Kb4 Be6 30. Nf1 Bd7 31. Ng3 g6 32. Nf1 Be6 33. Ne3 Bd7 34. Nd1 Be6 35. Nb2 Bd7 36. Nd3 Be6 37. Kc3 Bd7 38. Nb4 Bc8 39. Nd3 Bd7 40. Kd2 Bb5 41. Ne1 Bd7 42. Ke3 Be6 43. Nd3 Bd7 44. Nb2 Be6 45. Nd1 Bd7 46. Kd2 Be6 47. Ne3 Bd7 48. f3 Be6 49. Ke2 Bd7 50. g4 fxg4 51. fxg4 g5 52. Kf3 Be6 53. Nf1 Bf7 54. Ne3 Bg6 55. f5 Be8 56. Nf1 Bf7 57. Ng3 Be8 58. Ke3 Bf7 59. Kd3 Be8 60. Kc3 Bf7 61. Kd2 Be8 62. Ne2 Bb5 63. Ng1 Be8 64. Ke3 Bf7 65. Nf3 h5 66. h3 h4 67. Nd2 Be8 68. a3 Bf7 69. Nb1 Be8 70. Nc3 Bd7 71. Kd3 Be8 72. Kd2 Bd7 73. Nd1 Be8 74. Ne3 Bf7 75. Kd3 Be8 76. Kd2 Bf7 77. Nd1 Be8 78. Nc3 Bd7 79. b4 Be8 80. Kd3 Bd7 81. a4 a5 82. b5 c6 1/2-1/2

[Event "Chicago op 23rd"]
[Site "Wheeling"]
[Date "2014.05.24"]
[Round "4"]
[White "Homa, Seth"]
[Black "Amanov, Mesgen"]
[Result "1-0"]
[WhiteElo "2331"]
[BlackElo "2463"]
[PlyCount "33"]
[EventDate "2014.05.22"]
[EventType "swiss"]
[EventRounds "9"]
[EventCountry "USA"]
[SourceTitle "CBM 160 Extra"]
[Source "ChessBase"]
[SourceDate "2014.07.01"]
[SourceVersion "1"]
[SourceVersionDate "2014.07.01"]
[SourceQuality "1"]

1. d4 d5 2. c4 c6 3. Nf3 Nf6 4. Nc3 e6 5. g3 dxc4 6. Bg2 b5 7. Ne5 Nd5 8. 0-0 f6 9. Nxd5 cxd5 10. e4 g6 11. exd5 exd5 12. Ng4 Na6 13. a4 bxa4 14. Bxd5 Bxg4 15. Qxa4+ Bd7 16. Re1+ Be7 17. Qxa6 1-0

[Event "Bridgetown Heroes Day"]
[Site "Bridgetown"]
[Date "2014.04.30"]
[Round "8"]
[White "Amanov, Mesgen"]
[Black "L'Ami, Alina"]
[Result "0-1"]
[WhiteElo "2463"]
[BlackElo "2415"]
[PlyCount "80"]
[EventDate "2014.04.26"]
[EventType "tourn"]
[EventRounds "10"]
[EventCountry "BAR"]
[EventCategory "3"]
[SourceTitle "CBM 160 Extra"]
[Source "ChessBase"]
[SourceDate "2014.07.01"]
[SourceVersion "1"]
[SourceVersionDate "2014.07.01"]
[SourceQuality "1"]

1. d4 Nf6 2. Nf3 g6 3. c4 Bg7 4. g3 0-0 5. Bg2 d6 6. Nc3 Nc6 7. 0-0 Bf5 8. d5 Na5 9. Nd2 c6 10. b4 Nxc4 11. Nxc4 Nxd5 12. Nxd5 Bxa1 13. Bh6 Bg7 14. Bxg7 Kxg7 15. Nf4 e5 16. e4 Bxe4 17. Bxe4 exf4 18. Nxd6 Qe7 19. Qd4+ Kg8 20. Bc2 Rad8 21. Rd1 f3 22. Bb3 h6 23. h4 Kh7 24. h5 Rd7 25. Bc2 Rfd8 26. hxg6+ fxg6 27. Bxg6+ Kxg6 28. Qd3+ Kg7 29. Qd4+ Kh7 30. Qd3+ Kh8 31. Qd4+ Qg7 32. Qf4 Kh7 33. Rd4 Qg5 34. Qe4+ Qg6 35. Qxg6+ Kxg6 36. Rg4+ Kh7 37. Ne4 Rf8 38. a4 Rd1+ 39. Kh2 h5 40. Rg5 Rd5 0-1

[Event "Bridgetown Heroes Day"]
[Site "Bridgetown"]
[Date "2014.04.28"]
[Round "4"]
[White "Amanov, Mesgen"]
[Black "Harper, Ryan"]
[Result "1-0"]
[WhiteElo "2463"]
[BlackElo "2293"]
[PlyCount "63"]
[EventDate "2014.04.26"]
[EventType "tourn"]
[EventRounds "10"]
[EventCountry "BAR"]
[EventCategory "3"]
[SourceTitle "CBM 160 Extra"]
[Source "ChessBase"]
[SourceDate "2014.07.01"]
[SourceVersion "1"]
[SourceVersionDate "2014.07.01"]
[SourceQuality "1"]

1. d4 d5 2. c4 e6 3. Nc3 c6 4. e4 dxc4 5. Bxc4 Nf6 6. Nf3 Be7 7. 0-0 0-0 8. Qe2 b5 9. Bd3 b4 10. e5 Nd5 11. Ne4 Nd7 12. Bd2 Bb7 13. Rac1 Rc8 14. Rfd1 Qb6 15. Nc5 Nxc5 16. dxc5 Qc7 17. Qe4 g6 18. Bxb4 f5 19. exf6 Bxf6 20. Bc3 Nxc3 21. bxc3 e5 22. Bc4+ Kg7 23. Rd6 Rce8 24. Rcd1 Re7 25. Be6 Rfe8 26. Bd7 Rd8 27. Bh3 Rde8 28. Bd7 Rd8 29. Rxf6 Qa5 30. Rfd6 Qxc5 31. Qb4 Qxb4 32. cxb4 1-0

[Event "World op 41st"]
[Site "Arlington"]
[Date "2013.07.07"]
[Round "8"]
[White "Amanov, Mesgen"]
[Black "Neimer, Vitaly"]
[Result "0-1"]
[WhiteElo "2484"]
[BlackElo "2393"]
[PlyCount "110"]
[EventDate "2013.07.01"]
[EventType "swiss"]
[EventRounds "9"]
[EventCountry "USA"]
[SourceTitle "CBM 155 Extra"]
[Source "ChessBase"]
[SourceDate "2013.08.26"]
[SourceVersion "1"]
[SourceVersionDate "2013.08.26"]
[SourceQuality "1"]

1. d4 Nf6 2. c4 e6 3. Nf3 b6 4. g3 Ba6 5. Qc2 Bb4+ 6. Bd2 Bxd2+ 7. Nbxd2 Bb7 8. Bg2 d6 9. 0-0 Qe7 10. b4 0-0 11. c5 a5 12. a3 axb4 13. axb4 Na6 14. Rab1 Nd5 15. b5 Nab4 16. cxd6 cxd6 17. Qb3 f5 18. Nc4 Na2 19. Rb2 Nac3 20. Rc2 Qc7 21. Ng5 Rfc8 22. Ne3 Qe7 23. Nxf5 Qxg5 24. Nxd6 Qe7 25. Nxc8 Rxc8 26. e4 Qb4 27. Qxb4 Nxb4 28. Rb2 Rc4 29. d5 exd5 30. exd5 Bxd5 31. Bxd5+ Nbxd5 32. Re1 Rc5 33. Re6 Nxb5 34. Re5 Nbc7 35. Kg2 b5 36. Ree2 b4 37. h4 Kf7 38. Red2 Ke6 39. h5 Kf5 40. Rd4 Ne6 41. Rh4 Rc3 42. Rd2 Rc5 43. Rh1 h6 44. Re1 Rb5 45. f4 Ndc7 46. Kf3 b3 47. g4+ Kf6 48. f5 Ng5+ 49. Kg3 Nd5 50. Rb2 Rb4 51. Reb1 Ne4+ 52. Kf3 Ndc3 53. Rc1 Ke5 54. Ke3 Na4 55. Rbb1 Nec3 0-1

[Event "World op 41st"]
[Site "Arlington"]
[Date "2013.07.04"]
[Round "4"]
[White "Amanov, Mesgen"]
[Black "Adamson, Robby"]
[Result "1-0"]
[WhiteElo "2484"]
[BlackElo "2271"]
[PlyCount "53"]
[EventDate "2013.07.01"]
[EventType "swiss"]
[EventRounds "9"]
[EventCountry "USA"]
[SourceTitle "CBM 155 Extra"]
[Source "ChessBase"]
[SourceDate "2013.08.26"]
[SourceVersion "1"]
[SourceVersionDate "2013.08.26"]
[SourceQuality "1"]

1. d4 Nf6 2. Nf3 c5 3. d5 b5 4. Bg5 Qb6 5. Bxf6 Qxf6 6. c3 Qb6 7. Nbd2 Bb7 8. a4 Bxd5 9. e4 Bb7 10. axb5 g6 11. Bc4 Bg7 12. 0-0 0-0 13. Qb3 Qc7 14. Rxa7 Rxa7 15. b6 Qc8 16. bxa7 Nc6 17. Ra1 Qc7 18. Bxf7+ Kh8 19. Bd5 e6 20. Bxc6 Bxc6 21. Qa3 Ba8 22. h4 h6 23. Qa5 Qc6 24. Re1 Bf6 25. Nc4 Bd8 26. Nfe5 Qc8 27. Qb5 1-0

[Event "Chicago op 22nd"]
[Site "Wheeling"]
[Date "2013.05.25"]
[Round "5"]
[White "Aaron, Deepak"]
[Black "Amanov, Mesgen"]
[Result "1/2-1/2"]
[WhiteElo "2257"]
[BlackElo "2510"]
[PlyCount "124"]
[EventDate "2013.05.23"]
[EventType "swiss"]
[EventRounds "9"]
[EventCountry "USA"]
[SourceTitle "CBM 154 Extra"]
[Source "ChessBase"]
[SourceDate "2013.06.25"]
[SourceVersion "2"]
[SourceVersionDate "2013.06.25"]
[SourceQuality "1"]

1. e4 c5 2. Nf3 d6 3. d4 cxd4 4. Nxd4 Nf6 5. Nc3 a6 6. Bc4 e6 7. Bb3 Nbd7 8. f4 Nc5 9. e5 dxe5 10. fxe5 Nxb3 11. axb3 Nd5 12. 0-0 Bc5 13. Ne4 Bxd4+ 14. Qxd4 0-0 15. Kh1 Ne7 16. Qxd8 Rxd8 17. Bg5 Rd7 18. Bxe7 Rxe7 19. Rad1 Rd7 20. Rxd7 Bxd7 21. Nd6 f6 22. exf6 gxf6 23. Rxf6 b5 24. Kg1 a5 25. Rf7 Bc6 26. Rc7 Ra6 27. c4 bxc4 28. bxc4 h5 29. g3 a4 30. Kf2 Rb6 31. Ke3 e5 32. Kd3 Bf3 33. Nb5 Bc6 34. Nc3 Be8 35. Rc8 Kf7 36. Kc2 Bc6 37. Rc7+ Kf6 38. Ra7 Kf5 39. Nxa4 Rb4 40. b3 e4 41. Nc3 Rb8 42. Ra5+ Kg4 43. Re5 Kf3 44. Rxh5 Rf8 45. Rh6 Bd7 46. Rh4 e3 47. b4 Bg4 48. b5 Rd8 49. Kb3 Rd3 50. Rh7 e2 51. Re7 Kf2 52. Kc2 Rd4 53. Nxe2 Bxe2 54. Rxe2+ Kxe2 55. Kc3 Ke3 56. b6 Ke4 57. Kb4 Rd2 58. Kc5 Rxh2 59. b7 Rb2 60. Kc6 Kd4 61. g4 Kxc4 62. g5 Rxb7 1/2-1/2

[Event "Chicago op 22nd"]
[Site "Wheeling"]
[Date "2013.05.25"]
[Round "4"]
[White "Amanov, Mesgen"]
[Black "Betaneli, Aleksandr"]
[Result "1/2-1/2"]
[WhiteElo "2510"]
[BlackElo "2245"]
[PlyCount "97"]
[EventDate "2013.05.23"]
[EventType "swiss"]
[EventRounds "9"]
[EventCountry "USA"]
[SourceTitle "CBM 154 Extra"]
[Source "ChessBase"]
[SourceDate "2013.06.25"]
[SourceVersion "2"]
[SourceVersionDate "2013.06.25"]
[SourceQuality "1"]

1. d4 d5 2. c4 e6 3. Nc3 Be7 4. cxd5 exd5 5. Bf4 c6 6. e3 Bf5 7. Nge2 Nd7 8. Ng3 Bg6 9. Rc1 Nb6 10. Be2 Nf6 11. h4 h6 12. h5 Bh7 13. Bd3 Bxd3 14. Qxd3 0-0 15. Nf5 Re8 16. Rh3 Bf8 17. Kf1 Qd7 18. f3 Nc4 19. Rc2 Nd6 20. Bxd6 Bxd6 21. Re2 Rad8 22. e4 dxe4 23. fxe4 Nh7 24. Rf3 Ng5 25. Rff2 Bc5 26. Rd2 Qc7 27. Qe3 Bb4 28. Rf4 c5 29. d5 Qe5 30. Re2 Ba5 31. g3 c4 32. Rg4 Bxc3 33. bxc3 b5 34. d6 Kh7 35. Qxa7 Qxc3 36. Rxg5 Qc1+ 37. Kf2 Qxg5 38. Qxf7 c3 39. e5 c2 40. Qg6+ Qxg6 41. hxg6+ Kxg6 42. Ne7+ Rxe7 43. dxe7 Re8 44. Rxc2 Rxe7 45. Rc5 Ra7 46. Rxb5 Rxa2+ 47. Kf3 Kf5 48. g4+ Ke6 49. Rb7 1/2-1/2

[Event "Saint Louis SPICE Cup op 6th"]
[Site "Saint Louis"]
[Date "2012.10.16"]
[Round "2"]
[White "Neimer, Vitaly"]
[Black "Amanov, Mesgen"]
[Result "1-0"]
[WhiteElo "2384"]
[BlackElo "2507"]
[PlyCount "82"]
[EventDate "2012.10.16"]
[EventType "swiss"]
[EventRounds "9"]
[EventCountry "USA"]
[SourceTitle "EXT 2013"]
[Source "ChessBase"]
[SourceDate "2012.11.22"]
[SourceVersion "1"]
[SourceVersionDate "2012.11.22"]
[SourceQuality "1"]

1. e4 c5 2. Nc3 Nc6 3. g3 g6 4. Bg2 Bg7 5. d3 d6 6. f4 e6 7. Nf3 Nge7 8. 0-0 0-0 9. Be3 b6 10. d4 Ba6 11. Re1 Qc7 12. a4 Rad8 13. Nb5 Qb8 14. c3 Bb7 15. Bf2 a6 16. Na3 Qc7 17. Rc1 Nb8 18. b4 Nd7 19. h3 Nf6 20. Nd2 h5 21. g4 hxg4 22. hxg4 g5 23. f5 Nh7 24. Qb3 Kh8 25. d5 exd5 26. exd5 Nf6 27. c4 cxb4 28. Nc2 a5 29. Qe3 Neg8 30. Qxg5 Bh6 31. Qh4 Nh7 32. Be3 Bxe3+ 33. Rxe3 Rde8 34. Rh3 f6 35. Nd4 Bc8 36. Ne4 Rxe4 37. Bxe4 Rf7 38. Kg2 b3 39. Ne6 b2 40. Rch1 Qe7 41. Qf2 Bxe6 1-0

[Event "Los Angeles Metropolitan 22nd"]
[Site "Los Angeles"]
[Date "2012.08.15"]
[Round "3"]
[White "Amanov, Mesgen"]
[Black "Troff, Kayden W"]
[Result "0-1"]
[WhiteElo "2516"]
[BlackElo "2279"]
[PlyCount "102"]
[EventDate "2012.08.14"]
[EventType "swiss"]
[EventRounds "9"]
[EventCountry "USA"]
[SourceTitle "CBM 150 Extra"]
[Source "ChessBase"]
[SourceDate "2012.10.19"]
[SourceVersion "1"]
[SourceVersionDate "2012.10.19"]
[SourceQuality "1"]

1. d4 Nf6 2. Nf3 g6 3. c4 Bg7 4. g3 0-0 5. Bg2 c6 6. Nc3 d5 7. cxd5 cxd5 8. Ne5 e6 9. 0-0 Nfd7 10. Nf3 Nc6 11. e4 dxe4 12. Nxe4 h6 13. Qe2 Nf6 14. Rd1 Nxe4 15. Qxe4 Qd5 16. Qh4 Qd8 17. Qe4 Qd5 18. Qe2 Rd8 19. Be3 Qa5 20. a3 Qa4 21. Rac1 Bd7 22. h4 Be8 23. Qd2 Na5 24. Bxh6 Nb3 25. Qf4 Nxc1 26. Rxc1 Rac8 27. Rxc8 Rxc8 28. Bxg7 Kxg7 29. h5 gxh5 30. Qg5+ Kf8 31. Qxh5 Ke7 32. Qh4+ f6 33. g4 Qd1+ 34. Kh2 Bc6 35. Kg3 Bxf3 36. Qh7+ Kd6 37. Bxf3 Qxd4 38. Qxb7 Rc2 39. Qa6+ Ke7 40. Qf1 Rxb2 41. Kg2 e5 42. Qe1 Qd2 43. Qf1 f5 44. gxf5 Qg5+ 45. Kh2 Qf4+ 46. Kg2 e4 47. f6+ Kxf6 48. Be2 Qd2 49. Qd1 Qxd1 50. Bxd1 Rd2 51. Ba4 e3 0-1

[Event "World op 40th"]
[Site "Philadelphia"]
[Date "2012.07.06"]
[Round "4"]
[White "Norowitz, Yaacov"]
[Black "Amanov, Mesgen"]
[Result "1-0"]
[WhiteElo "2388"]
[BlackElo "2529"]
[PlyCount "146"]
[EventDate "2012.07.03"]
[EventType "swiss"]
[EventRounds "9"]
[EventCountry "USA"]
[SourceTitle "CBM 149 Extra"]
[Source "ChessBase"]
[SourceDate "2012.08.24"]
[SourceVersion "1"]
[SourceVersionDate "2012.08.24"]
[SourceQuality "1"]

1. d4 d5 2. c4 c6 3. cxd5 cxd5 4. Nc3 e5 5. e3 e4 6. f3 exf3 7. Nxf3 Nf6 8. Qb3 Nc6 9. Bb5 Bd6 10. Bd2 0-0 11. 0-0-0 Na5 12. Qc2 Bg4 13. Bd3 Rc8 14. Kb1 Nc4 15. Qb3 b5 16. h3 Bd7 17. Rde1 b4 18. Nxd5 Nxd5 19. Bxc4 Nb6 20. Rc1 Ba4 21. Qd3 Nxc4 22. Rxc4 Bb5 23. b3 a5 24. Rhc1 a4 25. Qf5 Bxc4 26. bxc4 b3 27. c5 bxa2+ 28. Kxa2 Be7 29. Rc4 Qe8 30. Qe4 f5 31. Qe6+ Kh8 32. Rb4 Rf6 33. Qd5 h6 34. Rb7 Rb8 35. Rxb8 Qxb8 36. Ne5 Qb5 37. Qc4 Qb7 38. c6 Qc7 39. Bb4 Bxb4 40. Qxb4 Kh7 41. Qc5 Re6 42. Qc2 g6 43. h4 h5 44. Qc4 Re7 45. Qc5 Re6 46. g3 Kg7 47. Qd5 Rd6 48. Qc4 Rf6 49. Qc3 Kh7 50. d5 Qd6 51. Qd4 Qb8 52. Qb2 Qd6 53. Qb7+ Kh6 54. Nf7+ Rxf7 55. Qxf7 Qb4 56. Qb7 Qd2+ 57. Ka3 Qxd5 58. Kxa4 Qc4+ 59. Ka5 Qc3+ 60. Kb5 Qb3+ 61. Ka6 Qa3+ 62. Kb6 Qxe3+ 63. Kb5 Qb3+ 64. Kc5 Qc3+ 65. Kd5 Qxg3 66. Qb2 Qf3+ 67. Kc5 Qe3+ 68. Qd4 Qa3+ 69. Kb6 Qb3+ 70. Ka7 Qf7+ 71. Kb8 Qg8+ 72. Kb7 Qb3+ 73. Qb6 Qd5 1-0

[Event "Chicago op 21st"]
[Site "Wheeling"]
[Date "2012.05.26"]
[Round "4"]
[White "Amanov, Mesgen"]
[Black "Shetty, Atulya"]
[Result "1-0"]
[WhiteElo "2518"]
[BlackElo "2219"]
[PlyCount "75"]
[EventDate "2012.05.24"]
[EventType "swiss"]
[EventRounds "9"]
[EventCountry "USA"]
[SourceTitle "CBM 148 Extra"]
[Source "ChessBase"]
[SourceDate "2012.06.22"]
[SourceVersion "1"]
[SourceVersionDate "2012.06.22"]
[SourceQuality "1"]

1. d4 Nf6 2. c4 e6 3. Nf3 Bb4+ 4. Nbd2 d6 5. e3 0-0 6. Be2 Qe7 7. 0-0 Bxd2 8. Qxd2 e5 9. b3 e4 10. Ne1 Bf5 11. Nc2 Nbd7 12. Bb2 c6 13. Qb4 b6 14. Qa4 Rfc8 15. Nb4 c5 16. Nc2 Nf8 17. Rad1 Ng6 18. Rd2 Nh4 19. Rfd1 Ng4 20. Ne1 Qg5 21. dxc5 dxc5 22. Qa6 h6 23. Qb7 Kh7 24. g3 Ng6 25. Rd5 Rf8 26. Ng2 Rab8 27. Qxa7 Ra8 28. Qxb6 Rxa2 29. Qxc5 Ne7 30. h4 Qg6 31. Qxe7 Rxb2 32. Nf4 Qb6 33. Qxf8 Nxf2 34. Kxf2 Bg4 35. Rd8 Rxe2+ 36. Nxe2 Qxb3 37. Qg8+ Kg6 38. R8d6+ 1-0

[Event "Chicago op 21st"]
[Site "Wheeling"]
[Date "2012.05.26"]
[Round "5"]
[White "Finegold, Benjamin"]
[Black "Amanov, Mesgen"]
[Result "0-1"]
[WhiteElo "2494"]
[BlackElo "2518"]
[PlyCount "134"]
[EventDate "2012.05.24"]
[EventType "swiss"]
[EventRounds "9"]
[EventCountry "USA"]
[SourceTitle "CBM 148 Extra"]
[Source "ChessBase"]
[SourceDate "2012.06.22"]
[SourceVersion "1"]
[SourceVersionDate "2012.06.22"]
[SourceQuality "1"]

1. Nf3 d5 2. c4 e6 3. b3 c5 4. Bb2 Nc6 5. e3 d4 6. exd4 cxd4 7. g3 e5 8. d3 Nf6 9. Bg2 Bd6 10. 0-0 0-0 11. Re1 Re8 12. a3 a5 13. Nbd2 Bf5 14. Qe2 h6 15. Nh4 Bh7 16. Bh3 Bf8 17. Qf3 g5 18. Ng2 Bg7 19. Bf5 Bxf5 20. Qxf5 Qd7 21. Qxd7 Nxd7 22. Reb1 Nc5 23. Ne1 f5 24. f3 h5 25. g4 hxg4 26. fxg4 e4 27. gxf5 e3 28. Ndf3 g4 29. Ng5 Nxb3 30. Ra2 Nd2 31. Rd1 Rf8 32. Bc1 Rxf5 33. Rdxd2 exd2 34. Bxd2 Ne5 35. Ne4 Raf8 36. Kg2 Nf3 37. Rb2 Be5 38. Nxf3 gxf3+ 39. Kf1 R8f7 40. Be1 Rh7 41. h4 Bf4 42. Rb6 Rg7 43. Nf6+ Kf8 44. Ne4 Be3 45. Bg3 Rf4 46. Ng5 Rg4 47. Rf6+ Ke7 48. Rxf3 Bxg5 49. hxg5 R7xg5 50. Bf2 b5 51. cxb5 Rxb5 52. Be1 a4 53. Bb4+ Ke6 54. Rh3 Rf5+ 55. Ke1 Rg1+ 56. Ke2 Rg2+ 57. Ke1 Re5+ 58. Kf1 Rg6 59. Rh8 Rf6+ 60. Kg2 Rg5+ 61. Kh2 Rf2+ 62. Kh3 Rf3+ 63. Kh4 Rg1 64. Re8+ Kd7 65. Re4 Rf7 66. Rxd4+ Kc8 67. Rc4+ Kb7 0-1

[Event "Chicago op 21st"]
[Site "Wheeling"]
[Date "2012.05.25"]
[Round "3"]
[White "Amanov, Mesgen"]
[Black "Melekhina, Alisa"]
[Result "1-0"]
[WhiteElo "2518"]
[BlackElo "2242"]
[PlyCount "85"]
[EventDate "2012.05.24"]
[EventType "swiss"]
[EventRounds "9"]
[EventCountry "USA"]
[SourceTitle "CBM 148 Extra"]
[Source "ChessBase"]
[SourceDate "2012.06.22"]
[SourceVersion "1"]
[SourceVersionDate "2012.06.22"]
[SourceQuality "1"]

1. d4 Nf6 2. c4 g6 3. g3 Bg7 4. Bg2 0-0 5. Nc3 d6 6. Nf3 Nc6 7. 0-0 Bf5 8. d5 Na5 9. Nd2 c5 10. e4 Bd7 11. Qc2 e5 12. b3 a6 13. Bb2 b5 14. Rae1 Rb8 15. Nd1 bxc4 16. bxc4 h5 17. Bc3 h4 18. Ne3 Nh5 19. Bf3 Bh6 20. Bxh5 gxh5 21. Nf5 Bxf5 22. exf5 hxg3 23. fxg3 f6 24. Ne4 Nxc4 25. Qe2 Nb6 26. Qxh5 Bg7 27. Qe2 Qd7 28. Qxa6 Rfd8 29. Rb1 Na4 30. Bd2 Nb2 31. Bc1 Ra8 32. Qe2 Na4 33. Qg4 Kf8 34. Qh4 Qf7 35. Bh6 Ra7 36. Nxf6 Nc3 37. Bxg7+ Qxg7 38. Ne4 Ne2+ 39. Kf2 Rda8 40. Kxe2 Rxa2+ 41. Ke1 R2a4 42. f6 Qg6 43. Qh8+ 1-0

[Event "Saint Louis"]
[Site "Saint Louis"]
[Date "2011.12.03"]
[Round "9"]
[White "Amanov, Mesgen"]
[Black "Kacheishvili, Giorgi"]
[Result "1/2-1/2"]
[WhiteElo "2524"]
[BlackElo "2590"]
[PlyCount "24"]
[EventDate "2011.11.29"]
[EventType "tourn"]
[EventRounds "9"]
[EventCountry "USA"]
[EventCategory "9"]
[SourceTitle "CBM 145 Extra"]
[Source "ChessBase"]
[SourceDate "2012.01.03"]
[SourceVersion "1"]
[SourceVersionDate "2012.01.03"]
[SourceQuality "1"]

1. d4 g6 2. c4 Bg7 3. Nf3 Nf6 4. g3 c6 5. Nc3 d5 6. cxd5 cxd5 7. Bg2 0-0 8. Ne5 e6 9. 0-0 Nfd7 10. f4 Nc6 11. Be3 Nb6 12. Bf2 Ne7 1/2-1/2

[Event "Saint Louis"]
[Site "Saint Louis"]
[Date "2011.12.01"]
[Round "4"]
[White "Amanov, Mesgen"]
[Black "Young, Angelo"]
[Result "1-0"]
[WhiteElo "2524"]
[BlackElo "2350"]
[PlyCount "56"]
[EventDate "2011.11.29"]
[EventType "tourn"]
[EventRounds "9"]
[EventCountry "USA"]
[EventCategory "9"]
[SourceTitle "CBM 145 Extra"]
[Source "ChessBase"]
[SourceDate "2012.01.03"]
[SourceVersion "1"]
[SourceVersionDate "2012.01.03"]
[SourceQuality "1"]

1. d4 d5 2. c4 c6 3. Nf3 dxc4 4. e3 Be6 5. a4 Nf6 6. Na3 Bd5 7. Nxc4 e6 8. Bd3 c5 9. 0-0 Nc6 10. Nce5 cxd4 11. Nxc6 bxc6 12. Nxd4 e5 13. e4 Nxe4 14. Nf3 f6 15. Nxe5 fxe5 16. Qh5+ Kd7 17. Bxe4 Bxe4 18. Qg4+ Kc7 19. Qxe4 Qd5 20. Qg4 h5 21. Qg5 e4 22. Bf4+ Kb7 23. Qg6 Rd8 24. a5 Bc5 25. a6+ Kb6 26. Qxg7 Kb5 27. b4 Bb6 28. Qc3 Bd4 1-0

[Event "USA tt playoff"]
[Site "ICC INT"]
[Date "2011.11.07"]
[Round "1"]
[White "Amanov, Mesgen"]
[Black "Holt, Conrad"]
[Result "0-1"]
[WhiteElo "2524"]
[BlackElo "2461"]
[PlyCount "122"]
[EventDate "2011.11.07"]
[EventType "team-tourn"]
[EventRounds "3"]
[EventCountry "USA"]
[SourceTitle "EXT 2012"]
[Source "ChessBase"]
[SourceDate "2011.11.24"]
[SourceVersion "1"]
[SourceVersionDate "2011.11.24"]
[SourceQuality "1"]
[WhiteTeam "Chicago"]
[BlackTeam "Dallas Destiny"]
[WhiteTeamCountry "USA"]
[BlackTeamCountry "USA"]

1. d4 d5 2. c4 c6 3. cxd5 cxd5 4. Bf4 Nf6 5. Nc3 Qb6 6. e3 Qxb2 7. Bb5+ Bd7 8. Bxd7+ Nbxd7 9. Nge2 Qa3 10. Rb1 b6 11. 0-0 a6 12. Bc7 e6 13. Bxb6 Rc8 14. Qd3 Rc4 15. Rb3 Qd6 16. Bc5 Rxc5 17. dxc5 Nxc5 18. Qb1 Nxb3 19. Qxb3 Be7 20. Qa4+ Nd7 21. e4 0-0 22. exd5 Nc5 23. Qc4 e5 24. Rd1 f5 25. Na4 Ne4 26. Ng3 Nxg3 27. hxg3 h5 28. Nb6 Kh7 29. Qc6 e4 30. Qxd6 Bxd6 31. Kf1 f4 32. Nc4 Bc5 33. Nd2 fxg3 34. Nxe4 Bxf2 35. d6 Bb6+ 36. Ke2 h4 37. d7 Rf4 38. Kd3 Kg6 39. Rb1 Ba5 40. Nc5 Rf5 41. Nb7 Bc7 42. Ke4 Re5+ 43. Kd4 Re2 44. Rc1 Rd2+ 45. Ke4 Rxd7 46. Kf3 Kh5 47. Nc5 Rf7+ 48. Ke4 Bb6 49. Ne6 h3 50. Rh1 h2 51. Nf4+ Kg4 52. Nd5 Bg1 53. Ne3+ Kg5 54. Nd1 Rf2 55. a4 Rd2 56. Nc3 Kg4 57. Nd5 Rxd5 58. Kxd5 Kf4 59. Kc6 Ke3 60. Kb6 Kf2 61. Kxa6 Kxg2 0-1

[Event "Lubbock SPICE Cup-B 5th"]
[Site "Lubbock"]
[Date "2011.10.19"]
[Round "9"]
[White "Mogranzini, Roberto"]
[Black "Amanov, Mesgen"]
[Result "1-0"]
[WhiteElo "2439"]
[BlackElo "2541"]
[PlyCount "91"]
[EventDate "2011.10.15"]
[EventType "tourn"]
[EventRounds "9"]
[EventCountry "USA"]
[EventCategory "10"]
[SourceTitle "CBM 144 Extra"]
[Source "ChessBase"]
[SourceDate "2011.10.28"]
[SourceVersion "1"]
[SourceVersionDate "2011.10.28"]
[SourceQuality "1"]

1. c4 e6 2. g3 d5 3. Bg2 Nf6 4. Nf3 dxc4 5. Na3 Bxa3 6. bxa3 0-0 7. Bb2 Nc6 8. Qc2 Re8 9. Qxc4 e5 10. 0-0 Be6 11. Qh4 Nd7 12. Rfc1 Bd5 13. Qa4 Nb6 14. Qg4 Bxf3 15. Bxf3 Qxd2 16. Rab1 Qd6 17. Be4 Qe6 18. Qf3 Rad8 19. Rc2 Nc4 20. Bf5 Nd2 21. Rxd2 Qxa2 22. Ra1 Qxa1+ 23. Bxa1 Rxd2 24. Bc3 Rd6 25. Be4 g6 26. Bd5 Re7 27. h4 h5 28. Bc4 a6 29. e3 Red7 30. Kg2 b5 31. Bb3 a5 32. Bxa5 Nxa5 33. Qa8+ Kg7 34. Qxa5 c6 35. Qc3 Rf6 36. f4 e4 37. Bc2 Re7 38. g4 hxg4 39. Kg3 Ree6 40. Kxg4 Kh7 41. Bxe4 c5 42. Bd5 Rb6 43. Qxc5 Ra6 44. e4 Kg8 45. e5 Rfb6 46. Bb7 1-0